| 000 | 01567nam a2200421 i 4500 | ||
|---|---|---|---|
| 001 | 11058 | ||
| 003 | KOSZ 005 | ||
| 005 | 20220704131732.0 | ||
| 008 | 080321s1962 pl ab f |000 0 pol | ||
| 015 | _aPB 1963/1012 | ||
| 035 | _a(OCoLC)831331515 | ||
| 040 |
_aWA N _cWA N _dKOSZ 005/EG _dKOSZ 005/HR |
||
| 041 | 0 |
_apol _bfre |
|
| 046 | _k1962 | ||
| 080 | _a94(438).01/.04 | ||
| 245 | 1 | 0 |
_aPoczątki państwa polskiego : _bksięga tysiąclecia. _nT. 1, _pOrganizacja polityczna / _c[red. Kazimierz Tymieniecki] ; Poznańskie Towarzystwo Przyjaciół Nauk. |
| 260 |
_aPoznań : _bPaństwowe Wydawnictwo Naukowe, _c1962. |
||
| 300 |
_a428, [6] s. tabl. : _bil., mapy, err. ; _c27 cm. |
||
| 380 | _aKsiążki | ||
| 388 | _a1901-2000 | ||
| 388 | _a1945-1989 | ||
| 536 | _aZ zasiłku Komitetu Naukowego Obchodów Tysiąclecia Państwa Polskiego przy Ogólnopolskim Komitecie Frontu Jednosci Narodu. | ||
| 546 | _aStreszcz. fr. | ||
| 648 | 4 | _a1201-1300 | |
| 648 | 4 | _a1301-1400 | |
| 648 | 4 | _a1401-1500 | |
| 648 | 4 | _a1501-1600 | |
| 648 | 4 | _a1001-1100 | |
| 648 | 4 | _a1101-1200 | |
| 648 | 4 | _a 901-1000 | |
| 651 | 4 | _aPolska | |
| 658 | _aHistoria | ||
| 710 | 2 |
_aPoznańskie Towarzystwo Przyjaciół Nauk _4pbl. |
|
| 710 | 2 | _aPaństwowe Wydawnictwo Naukowe | |
| 700 | 1 |
_aTymieniecki, Kazimierz _d(1887-1968) _eRedakcja |
|
| 856 |
_uhttp://koha.tu.koszalin.pl/cgi-bin/koha/opac-detail.pl?biblionumber=11058 _yKatalog online BPK |
||
| 942 |
_2UKD _cKS |
||
| 999 |
_c11058 _d11058 |
||